Normal view
MARC view
- Telecommunication
Entry Topical Term
001 - CONTROL NUMBER
- control field: 112817
003 - CONTROL NUMBER IDENTIFIER
- control field: NUST
005 - DATE AND TIME OF LATEST TRANSACTION
- control field: 20230529180918.0
008 - FIXED-LENGTH DATA ELEMENTS
- fixed length control field: 230529|| aca||aabn | a|a d
040 ## - CATALOGING SOURCE
- Original cataloging agency: NUST
- Transcribing agency: NUST
150 ## - HEADING--TOPICAL TERM
- Topical term or geographic name entry element: Telecommunication
- Geographic subdivision: United States
670 ## - SOURCE DATA FOUND
- Source citation: Work cat.: (NUST)178974: Gates, Bill, 112812, The road ahead /, 1995.
